MARC details
| 000 -LEADER |
| fixed length control field |
01145cam a2200277 a 4500 |
| 001 - CONTROL NUMBER |
| control field |
12447343 |
| 003 - CONTROL NUMBER IDENTIFIER |
| control field |
BDDh-ASL |
| 005 - DATE AND TIME OF LATEST TRANSACTION |
| control field |
20231015025724.0 |
| 008 - FIXED-LENGTH DATA ELEMENTS--GENERAL INFORMATION |
| fixed length control field |
010620s1992 ir b 001 0 eng |
| 010 ## - LIBRARY OF CONGRESS CONTROL NUMBER |
| LC control number |
2001390377 |
| 040 ## - CATALOGING SOURCE |
| Original cataloging agency |
DLC |
| Transcribing agency |
DLC |
| Modifying agency |
BDDh-ASL |
| 041 1# - LANGUAGE CODE |
| Language code of text/sound track or separate title |
eng |
| Language code of original |
per |
| 050 00 - LIBRARY OF CONGRESS CALL NUMBER |
| Classification number |
BP194 |
| Item number |
.M8413 1992 |
| 082 00 - DEWEY DECIMAL CLASSIFICATION NUMBER |
| Classification number |
297.01 |
| Edition number |
21 |
| Item number |
RES |
| 100 1# - MAIN ENTRY--PERSONAL NAME |
| Personal name |
Mūsavī Lārī, Mujtabá. |
| 240 10 - UNIFORM TITLE |
| Uniform title |
Mabānī-i iʻtiqādāt dar Islām. |
| Number of part/section of a work |
3, |
| Name of part/section of a work |
Fardā-yi jāvidān. |
| Language of a work |
English |
| 245 10 - TITLE STATEMENT |
| Title |
Resurrection, judgement, and the hereafter : |
| Remainder of title |
lessons on Islamic doctrine (book 3) / |
| Statement of responsibility, etc. |
Mujtaba Musavi Lari ; translated by Hamid Algar. |
| 260 ## - PUBLICATION, DISTRIBUTION, ETC. |
| Place of publication, distribution, etc. |
[Qum]: |
| Name of publisher, distributor, etc. |
Foundation of Islamic Cultural Propagation in the World, |
| Date of publication, distribution, etc. |
1992. |
| 300 ## - PHYSICAL DESCRIPTION |
| Extent |
251 p. ; |
| Dimensions |
22 cm. |
| 500 ## - GENERAL NOTE |
| General note |
Selected articles originally published in the magazine, Surūsh. |
| 504 ## - BIBLIOGRAPHY, ETC. NOTE |
| Bibliography, etc. note |
Includes bibliographical references (p. [231]-233) and indexes. |
| 650 #0 - SUBJECT ADDED ENTRY--TOPICAL TERM |
| Topical term or geographic name entry element |
Shīʻah |
| General subdivision |
Doctrines. |
| 906 ## - LOCAL DATA ELEMENT F, LDF (RLIN) |
| a |
7 |
| b |
cbc |
| c |
orignew |
| d |
3 |
| e |
ncip |
| f |
20 |
| g |
y-gencatlg |
| 942 ## - ADDED ENTRY ELEMENTS (KOHA) |
| Source of classification or shelving scheme |
Dewey Decimal Classification |
| Koha item type |
Books |